Queen Songs: No Vowels - Statistics

General Stats
  • This quiz has been taken 29 times
  • The average score is 16 of 22
Answer Stats
Hint Songs % Correct
BHMN RHPSD Bohemian Rhapsody
96%
CRZ LTTL THNG CLLD LV Crazy Little Thing Called Love
96%
DNT STP M NW Don't Stop Me Now
96%
KLLR QN Killer Queen
93%
KND F MGC A Kind Of Magic
86%
HMMR T FLL Hammer To Fall
86%
W WLL RCK We Will Rock You
82%
NTHR N BTS TH DST Another One Bites The Dust
79%
TH SHW MST G N The Show Must Go On
79%
W R TH CHMPNS We Are The Champions
79%
PL TH GM Play The Game
75%
SMBD T LV Somebody To Love
75%
BCCL RC Bicycle Race
71%
KP RSLF LV Keep Yourself Alive
71%
SV M Save Me
71%
MD N HVN Made In Heaven
68%
NDR PRSSR Under Pressure
68%
WNT T BRK FR I Want To Break Free
64%
TH NVSBL MN The Invisible Man
64%
N VSN One Vision
39%
SVN SS F RH Seven Seas Of Rhye
39%
NNND Innuendo
25%
No matching quizzes found
Score Distribution
Percent of People with Each Score
Percentile by Number Answered
Your Score History
You have not taken this quiz